书目信息 |
| 题名: |
中华人民共和国地名词典:湖北省
|
|
| 作者: | 梁希杰 主编 | |
| 分册: | ||
| 出版信息: | 北京 商务印书馆 1990.05 |
|
| 页数: | 627页 | |
| 开本: | 32开 | |
| 丛书名: | ||
| 单 册: | ||
| 中图分类: | K926.3-61 | |
| 科图分类: | ||
| 主题词: | 地理--中国 | |
| 电子资源: | ||
| ISBN: | 7-100-00463-2 | |
| 000 | 00601nam0 2200193 45 | |
| 001 | 0009160940 | |
| 005 | 20000916091201.7 | |
| 010 | @a7-100-00463-2@d13.00元 | |
| 100 | @a20000916d1990 km y0chiy0120 ea | |
| 101 | 0 | @achi |
| 105 | @a z 000yy | |
| 200 | 1 | @a中华人民共和国地名词典:湖北省@AZhong Hua Ren Min Gong He Guo Di Ming Ci Dian:Hu Bei Sheng@f梁希杰主编@FLiang Xi Jie Zhu Bian |
| 210 | @a北京@c商务印书馆@d1990.05 | |
| 215 | @a627页@d32开 | |
| 606 | 0 | @a地理@x中国 |
| 690 | @aK926.3-61@v3 | |
| 701 | 0 | @a梁希杰@4主编 |
| 801 | @aCN@bPftUser@c20000916 | |
| 905 | @b145052-053@dK926.3-61@eL360@f2 | |
| 中华人民共和国地名词典:湖北省/梁希杰主编.-北京:商务印书馆,1990.05 |
| 627页;32开 |
| ISBN 7-100-00463-2:13.00元 |
| ● |
| 相关链接 |
|
|
|
正题名:中华人民共和国地名词典:湖北省
索取号:K926.3-61/L360
 
预约/预借
| 序号 | 登录号 | 条形码 | 馆藏地/架位号 | 状态 | 备注 |
| 1 | 145052 | 201450526 | 社科库309/309社科库 14排3列6层/ [索取号:K926.3-61/L360] | 在馆 | |
| 2 | 145053 | 201450535 | 社科库309/309社科库 14排3列6层/ [索取号:K926.3-61/L360] | 在馆 |